000 00279nam a22001217a 4500
008 170706b xxu||||| |||| 00| 0 eng d
041 _aeng
080 _a82
100 _a22
101 _aGJL
245 _a THEOLOGY AND RELIGIONS IMAGINATION
_cWILDER.A.N
942 _2udc
_cBK
999 _c20005
_d20005